Central Library OPAC University of Rajshahi

আমার সিনেমার স্মৃতিকথা / (Record no. 75488)

MARC details
000 -LEADER
fixed length control field 00773nam a22002297a 4500
001 - CONTROL NUMBER
control field 75488
003 - CONTROL NUMBER IDENTIFIER
rucl marc code BD-RjUL
005 - DATE AND TIME OF LATEST TRANSACTION
control field 20211209082711.0
008 - FIXED-LENGTH DATA ELEMENTS--GENERAL INFORMATION
fixed length control field 190416s2019 bg a|||| |||| 00| 0 ben d
020 ## - INTERNATIONAL STANDARD BOOK NUMBER
International Standard Book Number 9789849396109
035 ## - SYSTEM CONTROL NUMBER
System control number (BD-RjUL)75706
040 ## - CATALOGING SOURCE
Original cataloging agency BD-RjUL
Language of cataloging eng
Transcribing agency BD-RjUL
041 ## - LANGUAGE CODE
Language code of text/sound track or separate title eng
082 ## - DEWEY DECIMAL CLASSIFICATION NUMBER
Edition number 23
Classification number B 791.4309
Author mark and year RAA 2019
100 ## - MAIN ENTRY--PERSONAL NAME
Personal name রহমান, আজিজুর
9 (RLIN) 230675
245 ## - TITLE STATEMENT
Title আমার সিনেমার স্মৃতিকথা /
Statement of responsibility, etc. আজিজুর রহমান
260 ## - PUBLICATION, DISTRIBUTION, ETC. (IMPRINT)
Place of publication, distribution, etc. ঢাকা :
Name of publisher, distributor, etc. ভোরের শিশির,
Date of publication, distribution, etc. ২০১৯
300 ## - PHYSICAL DESCRIPTION
Pagination ১৪৪ পৃ. :
Illustrations চিত্র ;
Size ২২ সেমি.
650 ## - SUBJECT ADDED ENTRY--TOPICAL TERM
Topical term or geographic name as entry element Motion pictures
General subdivision History.
9 (RLIN) 230676
Topical term or geographic name as entry element Film
9 (RLIN) 230677
942 ## - ADDED ENTRY ELEMENTS (KOHA)
Source of classification or shelving scheme Dewey Decimal Classification
Koha item type Books
Holdings
Lost status Source of classification or shelving scheme Damaged status Not for loan Permanent Location Current Location Shelving location Date acquired Source of acquisition Cost, normal purchase price Total Checkouts Full call number Date last seen Copy number Koha item type
  Dewey Decimal Classification   Not For Loan Central Library, University of Rajshahi Central Library, University of Rajshahi Reading Room 13/03/2019 Author 350.00   B 791.4309 RAA 2019 16/04/2019 C-1 Books